[Event "SVK-chT2A 2223"]
[Site "Slovakia"]
[Date "2022.11.26"]
[Round "5.5"]
[White "Musaev, Matej Elbek"]
[Black "Klanica, Anton"]
[Result "1-0"]
[WhiteElo "2045"]
[BlackElo "1646"]
[PlyCount "49"]
[EventDate "2022.10.08"]
[EventType "team-tourn"]
[EventRounds "11"]
[EventCountry "SVK"]
[SourceTitle "EXT 2024"]
[Source "ChessBase"]
[SourceDate "2023.10.10"]
[SourceVersion "1"]
[SourceVersionDate "2023.10.10"]
[SourceQuality "1"]
[WhiteTeam "Piestany Kupele"]
[BlackTeam "Trnava Lokomotiva"]
[WhiteTeamCountry "SVK"]
[BlackTeamCountry "SVK"]

1. e4 e6 2. d4 d5 3. Nd2 dxe4 4. Nxe4 Be7 5. Nf3 Nd7 6. Bd3 Ngf6 7. c3 0-0 8. 0-0 b6 9. Qe2 Bb7 10. Nxf6+ Bxf6 11. Bf4 Bxf3 12. Qxf3 a5 13. Rad1 Be7 14. d5 exd5 15. Qxd5 Nf6 16. Qc6 Bd6 17. Bb5 Ne8 18. Rfe1 Qb8 19. Bg5 h6 20. Bh4 g6 21. Bc4 Ng7 22. Be7 Bxe7 23. Rxe7 Qc8 24. Rdd7 b5 25. Bxf7+ 1-0

[Event "SVK-chT3A2 2122"]
[Site "Slovakia"]
[Date "2022.04.24"]
[Round "6.7"]
[White "Klanica, Anton"]
[Black "Suchovsky, Martin"]
[Result "1-0"]
[WhiteElo "1714"]
[BlackElo "1000"]
[PlyCount "91"]
[EventDate "2021.10.10"]
[EventType "team-tourn"]
[EventRounds "11"]
[EventCountry "SVK"]
[SourceTitle "EXT 2024"]
[Source "ChessBase"]
[SourceDate "2023.10.10"]
[SourceVersion "1"]
[SourceVersionDate "2023.10.10"]
[SourceQuality "1"]
[WhiteTeam "Trnava Lokomotiva"]
[BlackTeam "Holic"]
[WhiteTeamCountry "SVK"]
[BlackTeamCountry "SVK"]

1. e4 g6 2. d4 e6 3. Nf3 Bg7 4. Be3 Ne7 5. Qd2 d6 6. c3 Nbc6 7. Be2 Bd7 8. Bd3 b6 9. Na3 a6 10. Nc2 b5 11. h3 Qc8 12. Bh6 Bf6 13. Nh2 Ng8 14. Ng4 Nxh6 15. Nxf6+ Ke7 16. Nxd7 Kxd7 17. Qxh6 f5 18. 0-0 Ne7 19. exf5 exf5 20. c4 Qb7 21. cxb5 axb5 22. Na3 Rxa3 23. bxa3 g5 24. Rab1 Qd5 25. Rfd1 c6 26. a4 Ng6 27. Qg7+ Kc8 28. Qa7 Nh4 29. Bf1 Rg8 30. Rxb5 cxb5 31. Rc1+ Kd8 32. Qc7+ Ke8 33. Bxb5+ Kf8 34. Qd8+ Kg7 35. Qe7+ Kg6 36. Bc6 Qf7 37. Qxf7+ Kxf7 38. Bd5+ Kg7 39. Bxg8 Kxg8 40. a5 Ng6 41. a6 Nf4 42. Rc8+ Kf7 43. a7 Ne2+ 44. Kf1 Nxd4 45. a8Q Ke6 46. Re8+ 1-0

[Event "SVK-chT3A2 1819"]
[Site "Slovakia"]
[Date "2019.02.10"]
[Round "8.1"]
[White "Janas, Peter"]
[Black "Klanica, Anton"]
[Result "0-1"]
[WhiteElo "1760"]
[BlackElo "1772"]
[PlyCount "155"]
[EventDate "2018.10.07"]
[EventType "team-tourn"]
[EventRounds "11"]
[EventCountry "SVK"]
[SourceTitle "EXT 2020"]
[Source "ChessBase"]
[SourceDate "2019.10.17"]
[SourceVersion "1"]
[SourceVersionDate "2019.10.17"]
[SourceQuality "1"]
[WhiteTeam "Hlohovec"]
[BlackTeam "Trnava Lokomotiva II"]
[WhiteTeamCountry "SVK"]
[BlackTeamCountry "SVK"]

1. d4 Nf6 2. Nf3 g6 3. c4 d6 4. Nc3 Bg7 5. g3 0-0 6. Bg2 c6 7. 0-0 Bg4 8. h3 Bxf3 9. Bxf3 Nbd7 10. Re1 Re8 11. e4 e5 12. d5 c5 13. Be3 Qc8 14. Kh2 Rf8 15. Qd2 Kh8 16. Bg2 Ng8 17. Rab1 b6 18. Nb5 Qb8 19. f4 a6 20. Nc3 Qc7 21. f5 h6 22. Rf1 g5 23. Bf3 Ndf6 24. Qe2 Nh7 25. Rg1 Qe7 26. Rbf1 Rab8 27. Rf2 Rb7 28. Rfg2 Rfb8 29. a4 Qd8 30. Kh1 Bf6 31. h4 Qe7 32. Rh2 Kg7 33. Qg2 b5 34. axb5 axb5 35. Nxb5 Ra8 36. Qh3 Qd8 37. hxg5 Bxg5 38. Bc1 Ra1 39. Bxg5 Rxg1+ 40. Kxg1 Nxg5 41. Qh5 Rb6 42. Nc3 Qb8 43. Nb5 Qa8 44. Na3 Qa5 45. f6+ Kxf6 46. Rf2 Kg7 47. Bg2 Qe1+ 48. Bf1 Qe3 49. Nb5 Nf6 50. Qe2 Qxe2 51. Rxe2 Ngxe4 52. Kg2 Ng5 53. Rc2 Ng4 54. Rc3 Ne4 55. Ra3 h5 56. Be2 Kg6 57. Bxg4 hxg4 58. Ra8 Nd2 59. b3 Ne4 60. Rg8+ Kf5 61. Rd8 Ra6 62. Rd7 Kf6 63. Rd8 Ke7 64. Rg8 Ra2+ 65. Kg1 Nf6 66. Rb8 Ne4 67. Rb7+ Kf6 68. Rd7 Ra6 69. Kg2 Kg6 70. Rd8 Kg7 71. Rd7 Kg6 72. Rd8 f5 73. Rg8+ Kf7 74. Rb8 f4 75. Rb7+ Kf6 76. gxf4 exf4 77. Rb8 Kg5 78. Rf8 0-1

[Event "SVK-chT4 A22 1819"]
[Site "Slovakia"]
[Date "2018.10.28"]
[Round "2.5"]
[White "Matis, Tibor"]
[Black "Klanica, Anton"]
[Result "1-0"]
[WhiteElo "1810"]
[BlackElo "1772"]
[PlyCount "119"]
[EventDate "2018.10.14"]
[EventType "team-tourn"]
[EventRounds "11"]
[EventCountry "SVK"]
[SourceTitle "EXT 2020"]
[Source "ChessBase"]
[SourceDate "2019.10.17"]
[SourceVersion "1"]
[SourceVersionDate "2019.10.17"]
[SourceQuality "1"]

1. e4 e6 2. d4 d5 3. Nd2 dxe4 4. Nxe4 Be7 5. Nf3 Nd7 6. Bd3 Ngf6 7. 0-0 Nxe4 8. Bxe4 Nf6 9. Bd3 0-0 10. c3 b6 11. Qc2 Bb7 12. Ne5 a5 13. Bg5 h6 14. Bh4 Ba6 15. Bxa6 Rxa6 16. Nc6 Qe8 17. Nxe7+ Qxe7 18. Rfe1 g5 19. Bg3 Rd8 20. h4 c6 21. Qd2 Nh7 22. hxg5 hxg5 23. f3 Ra7 24. Kf2 c5 25. Rad1 cxd4 26. cxd4 Rad7 27. Qc3 Nf6 28. Rh1 Qb4 29. Qxb4 axb4 30. Be5 Kg7 31. Rh2 Kg6 32. Rdh1 Ng8 33. Rh7 f6 34. Rxd7 Rxd7 35. Bb8 Rxd4 36. Ke3 Rc4 37. Kd3 Rc8 38. Ba7 Rc6 39. Re1 Ne7 40. Bb8 b5 41. Bg3 Nf5 42. Bf2 Rd6+ 43. Kc2 Ne7 44. Kb3 Nd5 45. Bc5 Rc6 46. Bxb4 Kf7 47. Bd2 Ra6 48. Rc1 Ke7 49. Rc5 Rb6 50. Bb4 Kd7 51. g3 Rb8 52. a3 Rb7 53. Kc2 Nxb4+ 54. axb4 Rc7 55. Kd3 Rxc5 56. bxc5 Kc6 57. b4 Kd5 58. Ke3 f5 59. f4 g4 60. Kd3 1-0

[Event "SVK-chT4 A22 1718"]
[Site "Slovakia"]
[Date "2017.11.26"]
[Round "5.5"]
[White "Klanica, Anton"]
[Black "Minarik, Jozef"]
[Result "1/2-1/2"]
[WhiteElo "1750"]
[BlackElo "1361"]
[PlyCount "133"]
[EventDate "2017.10.01"]
[EventType "team-tourn"]
[EventRounds "11"]
[EventCountry "SVK"]
[SourceTitle "EXT 2020"]
[Source "ChessBase"]
[SourceDate "2019.10.17"]
[SourceVersion "1"]
[SourceVersionDate "2019.10.17"]
[SourceQuality "1"]

1. e4 e5 2. Nf3 Nc6 3. Bc4 Bc5 4. d3 h6 5. 0-0 d6 6. h3 Nf6 7. a3 Bb6 8. Nc3 0-0 9. Qe1 a6 10. Be3 Bxe3 11. Qxe3 Be6 12. Ba2 Bxa2 13. Rxa2 Ne7 14. Nh2 Nh5 15. g4 Nf4 16. Ne2 Neg6 17. Nxf4 Nxf4 18. Re1 Qh4 19. Qg3 Qxg3+ 20. fxg3 Nxh3+ 21. Kg2 Ng5 22. Nf1 c6 23. Ne3 b5 24. b3 g6 25. Rb2 Ne6 26. c3 Ng7 27. Rh1 h5 28. gxh5 Nxh5 29. Rf2 Kg7 30. Rhf1 a5 31. Kh3 f6 32. Kg2 Kf7 33. Ra2 Rfb8 34. Rfa1 Ke6 35. b4 d5 36. bxa5 Rxa5 37. exd5+ cxd5 38. Rb2 Rc8 39. Nd1 f5 40. Rb4 Rca8 41. Rb3 Nf6 42. Nb2 Kd6 43. c4 dxc4 44. dxc4 Kc5 45. cxb5 e4 46. Rc1+ Kd5 47. a4 Nd7 48. Rd1+ Ke6 49. Rc3 Ne5 50. Rc5 Rb8 51. Nc4 Nxc4 52. Rxc4 Rb6 53. Kf2 Ra7 54. Ke3 Kf6 55. Rdc1 Re6 56. Rb4 Rd6 57. Rc6 Ke6 58. Rxd6+ Kxd6 59. Rc4 Kd5 60. b6 Ra8 61. b7 Rb8 62. Rc7 Kd6 63. Rg7 Kc6 64. Rxg6+ Kxb7 65. Rg5 Rf8 66. g4 fxg4 67. Rxg4 1/2-1/2

[Event "SVK-chT4 A22 1718"]
[Site "Slovakia"]
[Date "2017.10.29"]
[Round "3.4"]
[White "Karel, Branislav"]
[Black "Klanica, Anton"]
[Result "0-1"]
[WhiteElo "1454"]
[BlackElo "1726"]
[PlyCount "44"]
[EventDate "2017.10.01"]
[EventType "team-tourn"]
[EventRounds "11"]
[EventCountry "SVK"]
[SourceTitle "EXT 2020"]
[Source "ChessBase"]
[SourceDate "2019.10.17"]
[SourceVersion "1"]
[SourceVersionDate "2019.10.17"]
[SourceQuality "1"]

1. d4 Nf6 2. Nf3 g6 3. e3 Bg7 4. Bd3 d6 5. 0-0 Bg4 6. Nbd2 Nbd7 7. e4 e5 8. c3 0-0 9. h3 Bxf3 10. Nxf3 Re8 11. Re1 c6 12. Qe2 Qc7 13. b3 Nf8 14. Bb2 Nh5 15. g3 Qb6 16. Rad1 Rad8 17. Bb1 a6 18. Kg2 Ne6 19. Qf1 exd4 20. cxd4 Nc7 21. Qe2 Ne6 22. e5 Nhf4+ 0-1

[Event "Olomouc Summer op Seniors 20th"]
[Site "Olomouc"]
[Date "2017.08.16"]
[Round "6"]
[White "Stokes, Paul C"]
[Black "Klanica, Anton"]
[Result "1-0"]
[WhiteElo "1871"]
[BlackElo "1729"]
[PlyCount "97"]
[EventDate "2017.08.12"]
[EventType "swiss"]
[EventRounds "9"]
[EventCountry "CZE"]
[SourceTitle "CBM 180 Extra"]
[Source "ChessBase"]
[SourceDate "2017.10.06"]
[SourceVersion "1"]
[SourceVersionDate "2017.10.06"]
[SourceQuality "1"]

1. d4 Nf6 2. c4 e5 3. dxe5 Ng4 4. Nf3 Nc6 5. Nc3 Ncxe5 6. Nxe5 Nxe5 7. e3 Bb4 8. Bd2 0-0 9. Be2 b6 10. a3 Bxc3 11. Bxc3 Nc6 12. Bf3 Bb7 13. b4 Qe7 14. 0-0 Nd8 15. Bd5 Kh8 16. Qh5 Bxd5 17. cxd5 f6 18. Rac1 Rc8 19. Rfd1 d6 20. Qf5 Nf7 21. b5 Rfe8 22. Bb2 Qe4 23. Qd7 Qe7 24. Qxe7 Rxe7 25. Rc4 Kg8 26. e4 Kf8 27. f3 Ke8 28. Rdc1 Kd8 29. Kf2 Ra8 30. Ke3 Kc8 31. g4 Kb7 32. h4 a6 33. bxa6+ Rxa6 34. h5 Ra5 35. a4 Rxd5 36. Rxc7+ Rxc7 37. Rxc7+ Kxc7 38. exd5 Kd7 39. f4 Nh6 40. Kf3 Nf7 41. Bd4 Kc7 42. Ke4 Nh6 43. g5 f5+ 44. Kf3 Ng8 45. Bxg7 Ne7 46. g6 hxg6 47. h6 g5 48. fxg5 Ng6 49. h7 1-0

[Event "SVK-chT4 A22 1617"]
[Site "Slovakia"]
[Date "2016.10.09"]
[Round "1.4"]
[White "Sarkozi, Szabolcs"]
[Black "Klanica, Anton"]
[Result "1-0"]
[WhiteElo "1537"]
[BlackElo "1789"]
[PlyCount "67"]
[EventDate "2016.10.09"]
[EventType "team-tourn"]
[EventRounds "11"]
[EventCountry "SVK"]
[SourceTitle "EXT 2020"]
[Source "ChessBase"]
[SourceDate "2019.10.17"]
[SourceVersion "1"]
[SourceVersionDate "2019.10.17"]
[SourceQuality "1"]

1. e4 e6 2. d4 d5 3. exd5 exd5 4. Nf3 Bd6 5. Nc3 c6 6. h3 Nf6 7. Bd3 0-0 8. 0-0 Be6 9. Re1 Bb4 10. Bd2 Re8 11. a3 Bxc3 12. Bxc3 Nbd7 13. Qd2 Nf8 14. Ne5 N6d7 15. f4 f6 16. Nf3 Nb6 17. f5 Bf7 18. Rxe8 Qxe8 19. Re1 Qd7 20. b3 Re8 21. Ba5 Nc8 22. Bb4 b6 23. a4 Nd6 24. Rxe8 Nxe8 25. Qf4 Qc8 26. Ba3 a6 27. Qe3 b5 28. a5 Qd8 29. Qe1 Qd7 30. Qb4 Ng6 31. fxg6 hxg6 32. Qf8+ Kh7 33. h4 Qg4 34. Qxf7 1-0

[Event "SVK-chT4 A22 1516"]
[Site "Slovakia"]
[Date "2015.11.22"]
[Round "4.4"]
[White "Klanica, Anton"]
[Black "Hornik, Andrej"]
[Result "0-1"]
[WhiteElo "1743"]
[BlackElo "1717"]
[PlyCount "102"]
[EventDate "2015.10.04"]
[EventType "team-tourn"]
[EventRounds "11"]
[EventCountry "SVK"]
[SourceTitle "EXT 2020"]
[Source "ChessBase"]
[SourceDate "2019.10.17"]
[SourceVersion "1"]
[SourceVersionDate "2019.10.17"]
[SourceQuality "1"]

1. e4 e5 2. Nf3 Nc6 3. Bb5 d6 4. 0-0 Bd7 5. d3 Nf6 6. Bg5 Be7 7. Bxf6 Bxf6 8. Nc3 0-0 9. Nd5 a6 10. Nxf6+ Qxf6 11. Bxc6 Bxc6 12. Re1 Rfe8 13. Qd2 Rad8 14. Qc3 Re7 15. Re3 Rde8 16. Qa5 Qf4 17. Nd2 Qf6 18. Rae1 Qe6 19. Nf3 f6 20. a3 Kf8 21. Nh4 Rd7 22. Qb4 Kg8 23. Nf3 d5 24. exd5 Bxd5 25. Nd2 Qc6 26. c4 Bf7 27. Rg3 Bg6 28. Qc3 Red8 29. Ree3 Qd6 30. Ne4 Qd4 31. Qxd4 Rxd4 32. Nc5 Rxc4 33. Nb3 Rc2 34. h4 Rxb2 35. Nc5 Rd2 36. Nxb7 R8xd3 37. Nc5 Rxe3 38. Rxe3 Rd6 39. g4 h5 40. f3 Rc6 41. Na4 Rc2 42. Nc3 hxg4 43. fxg4 Bf7 44. Kh1 c6 45. Kg1 Bd5 46. Kf1 Rc1+ 47. Kf2 Rc2+ 48. Kf1 Rh2 49. h5 Rh4 50. Rg3 Be6 51. Rd3 Bc4 0-1

[Event "SVK-chT4 A22 1415"]
[Site "Slovakia"]
[Date "2015.01.04"]
[Round "6.5"]
[White "Klanica, Anton"]
[Black "Merva, Frantisek"]
[Result "1/2-1/2"]
[WhiteElo "1803"]
[BlackElo "2045"]
[PlyCount "174"]
[EventDate "2014.10.12"]
[EventType "team-tourn"]
[EventRounds "11"]
[EventCountry "SVK"]
[SourceTitle "EXT 2019"]
[Source "ChessBase"]
[SourceDate "2018.10.10"]
[SourceVersion "1"]
[SourceVersionDate "2018.10.10"]
[SourceQuality "1"]

1. e4 a6 2. d4 e6 3. Bd3 c5 4. c3 d5 5. e5 Nc6 6. Ne2 cxd4 7. cxd4 Nb4 8. a3 Nxd3+ 9. Qxd3 Ne7 10. 0-0 Nc6 11. Nd2 Be7 12. Qg3 g6 13. Nf3 0-0 14. Bh6 Bd7 15. Bxf8 Bxf8 16. Nd2 Bg7 17. Qe3 Qb6 18. Nb3 Re8 19. Nc5 Bc8 20. Qb3 Qa7 21. Qc3 Bf8 22. b4 b6 23. Nb3 Bd7 24. Rfc1 Be7 25. Qd2 Kg7 26. Rc2 Nb8 27. g3 Ba4 28. Rb2 h6 29. Nc3 Bd7 30. Qd3 Nc6 31. Kg2 Qa8 32. Rc1 Rf8 33. Na2 a5 34. Nd2 axb4 35. Nxb4 Na5 36. Rbc2 Nc4 37. Kg1 b5 38. Rc3 Rb8 39. h3 Be8 40. Kh2 Rb7 41. R1c2 Ra7 42. Nb1 Ra4 43. Rb3 Qa5 44. Qc3 Kf8 45. Kg2 Bd7 46. h4 Qa7 47. Qd3 Kg7 48. Kg1 Qa5 49. Qc3 Qd8 50. Kg2 Be8 51. Qf3 Qb6 52. Qc3 Ra7 53. Re2 Rc7 54. Qd3 Na5 55. Rbb2 Nc4 56. Rb3 Ra7 57. Nc2 Ra4 58. Nc3 Ra6 59. Re1 Nxa3 60. Nxa3 Rxa3 61. Reb1 Rxb3 62. Rxb3 b4 63. Na2 Bb5 64. Qd2 Bc4 65. Rxb4 Bxb4 66. Nxb4 Qa5 67. Qb2 Qa4 68. Nc2 Bd3 69. Ne3 Bb5 70. Qd2 h5 71. g4 f6 72. gxh5 gxh5 73. exf6+ Kxf6 74. Nd1 Ke7 75. Nc3 Qc4 76. Nxb5 Qxb5 77. Qg5+ Kd7 78. Qxh5 Qb1 79. Qg4 Ke7 80. h5 Kf7 81. Kh2 Qc2 82. Kg2 Qb1 83. Kg3 Qg1+ 84. Kf3 Qd1+ 85. Kg3 Qg1+ 86. Kf3 Qd1+ 87. Kg3 Qg1+ 1/2-1/2

[Event "SVK-chT4 A22 1415"]
[Site "Slovakia"]
[Date "2014.12.07"]
[Round "5.3"]
[White "Klanica, Anton"]
[Black "Slezak, Rudolf"]
[Result "1-0"]
[WhiteElo "1803"]
[BlackElo "1632"]
[PlyCount "31"]
[EventDate "2014.10.12"]
[EventType "team-tourn"]
[EventRounds "11"]
[EventCountry "SVK"]
[SourceTitle "EXT 2019"]
[Source "ChessBase"]
[SourceDate "2018.10.10"]
[SourceVersion "1"]
[SourceVersionDate "2018.10.10"]
[SourceQuality "1"]

1. e4 c5 2. Nf3 Nc6 3. d4 cxd4 4. Nxd4 d6 5. Nc3 Nf6 6. Be2 e6 7. 0-0 Be7 8. Be3 0-0 9. Qd2 a6 10. Rfd1 Qc7 11. f3 Bd7 12. Nb3 Ne5 13. Kh1 Nc4 14. Bxc4 Qxc4 15. Bg5 Qc7 16. e5 1-0

[Event "SVK-chT4 A22 1415"]
[Site "Slovakia"]
[Date "2014.11.23"]
[Round "4.4"]
[White "Hornik, Andrej"]
[Black "Klanica, Anton"]
[Result "1/2-1/2"]
[WhiteElo "1674"]
[BlackElo "1803"]
[PlyCount "112"]
[EventDate "2014.10.12"]
[EventType "team-tourn"]
[EventRounds "11"]
[EventCountry "SVK"]
[SourceTitle "EXT 2019"]
[Source "ChessBase"]
[SourceDate "2018.10.10"]
[SourceVersion "1"]
[SourceVersionDate "2018.10.10"]
[SourceQuality "1"]

1. e4 e6 2. d4 d5 3. e5 c5 4. c3 Nc6 5. Nf3 Qb6 6. b3 Bd7 7. Be2 cxd4 8. cxd4 Bb4+ 9. Bd2 Nxd4 10. Bxb4 Nxf3+ 11. Bxf3 Qxb4+ 12. Qd2 Qxd2+ 13. Nxd2 Ne7 14. Be2 Rc8 15. 0-0 0-0 16. f4 Rc2 17. Rfd1 Rfc8 18. Bd3 R2c3 19. Nf3 h6 20. Nd4 a6 21. g3 R3c7 22. Kf2 Nc6 23. Nxc6 Rxc6 24. Rd2 Kf8 25. Rad1 Rc1 26. Rxc1 Rxc1 27. Rc2 Rxc2+ 28. Bxc2 Ke7 29. Ke3 Kd8 30. b4 Kc7 31. Kd4 Kb6 32. a3 Kc7 33. Kc5 b6+ 34. Kd4 Kb7 35. h4 Bb5 36. Bb3 Kc7 37. Ba2 Ba4 38. Bb1 Kc6 39. Kc3 Bd1 40. Bd3 Kb7 41. Kd4 Ba4 42. Bb1 Kc7 43. Kc3 Bd1 44. Bd3 Kb7 45. Kd4 Ba4 46. Bb1 Kc7 47. Kc3 f6 48. Kd4 Kc6 49. Bg6 Kd7 50. Bb1 Ke7 51. Bd3 Bb5 52. Bc2 Kd7 53. Bb3 f5 54. Bd1 Kc7 55. Bh5 Kd8 56. Bf7 Ke7 1/2-1/2

[Event "SVK-chT4 A22 1314"]
[Site "Slovakia"]
[Date "2014.02.09"]
[Round "8.2"]
[White "Klanica, Anton"]
[Black "Mackovic, Matus"]
[Result "1/2-1/2"]
[WhiteElo "1814"]
[BlackElo "1913"]
[PlyCount "80"]
[EventDate "2013.10.06"]
[EventType "team-tourn"]
[EventRounds "11"]
[EventCountry "SVK"]
[SourceTitle "EXT 2015"]
[Source "ChessBase"]
[SourceDate "2014.11.20"]
[SourceVersion "1"]
[SourceVersionDate "2014.11.20"]
[SourceQuality "1"]
[WhiteTeam "Trnava Lokomotiva IV"]
[BlackTeam "Trnava Modranka II"]
[WhiteTeamCountry "SVK"]
[BlackTeamCountry "SVK"]

1. e4 c6 2. d4 d5 3. exd5 cxd5 4. Bd3 Nc6 5. c3 Nf6 6. Nf3 Bg4 7. h3 Bh5 8. Bg5 e6 9. Nbd2 Be7 10. Qc2 Bg6 11. Bxg6 hxg6 12. 0-0-0 Rc8 13. Bxf6 Bxf6 14. Qa4 0-0 15. Kb1 Qa5 16. Qxa5 Nxa5 17. Rhe1 Rc7 18. Nb3 Nxb3 19. axb3 Rfc8 20. Ne5 Bxe5 21. Rxe5 a5 22. Re3 b5 23. Kc2 b4 24. Ra1 Ra7 25. Kd2 Rb8 26. Kc2 bxc3 27. bxc3 Rab7 28. Ra3 a4 29. b4 Ra7 30. Re1 Rc8 31. Kd3 Kf8 32. Rea1 Rac7 33. Rc1 Ra7 34. Rca1 Rca8 35. Rb1 Ke7 36. h4 Kd6 37. Re1 Rh8 38. g3 f6 39. Rea1 Rha8 40. f4 Kd7 1/2-1/2

[Event "SVK-chT4 A22 1314"]
[Site "Slovakia"]
[Date "2013.12.08"]
[Round "5.4"]
[White "Gajarsky, Roman"]
[Black "Klanica, Anton"]
[Result "1-0"]
[WhiteElo "1797"]
[BlackElo "1814"]
[PlyCount "85"]
[EventDate "2013.10.06"]
[EventType "team-tourn"]
[EventRounds "11"]
[EventCountry "SVK"]
[SourceTitle "EXT 2015"]
[Source "ChessBase"]
[SourceDate "2014.11.20"]
[SourceVersion "1"]
[SourceVersionDate "2014.11.20"]
[SourceQuality "1"]
[WhiteTeam "Hlohovec II"]
[BlackTeam "Trnava Lokomotiva IV"]
[WhiteTeamCountry "SVK"]
[BlackTeamCountry "SVK"]

1. e4 c6 2. d4 d5 3. e5 Bf5 4. g4 Bg6 5. h4 h6 6. Bd3 Bxd3 7. Qxd3 Qa5+ 8. c3 Qa6 9. Qe2 Qxe2+ 10. Nxe2 Nd7 11. f4 e6 12. Ng3 c5 13. Be3 cxd4 14. Bxd4 Bc5 15. 0-0 f6 16. exf6 Bxd4+ 17. cxd4 Ngxf6 18. g5 hxg5 19. fxg5 Nh5 20. Kh2 Ke7 21. Nc3 Raf8 22. Kh3 Nf4+ 23. Kg4 Ng2 24. Rxf8 Rxf8 25. Nce2 g6 26. Rc1 Kd6 27. Rc3 e5 28. Rd3 Nf4 29. Rf3 Ne6 30. Rxf8 Nexf8 31. h5 exd4 32. Nxd4 Ne5+ 33. Kf4 Nd3+ 34. Ke3 Nxb2 35. h6 Ke5 36. Nf3+ Ke6 37. Kd4 Kd6 38. Ne2 Na4 39. Nf4 Nb6 40. Ne5 Nh7 41. Nexg6 Nxg5 42. Nf8 Kc6 43. N4e6 1-0

[Event "Tatry op"]
[Site "Tatranske Zruby"]
[Date "2013.10.03"]
[Round "6"]
[White "Klanica, Anton"]
[Black "Kral, Ladislav"]
[Result "1-0"]
[WhiteElo "1814"]
[BlackElo "1610"]
[PlyCount "108"]
[EventDate "2013.09.29"]
[EventType "swiss"]
[EventRounds "9"]
[EventCountry "SVK"]
[SourceTitle "EXT 2023"]
[Source "ChessBase"]
[SourceDate "2022.10.05"]
[SourceVersion "1"]
[SourceVersionDate "2022.10.05"]
[SourceQuality "1"]

1. e4 e6 2. d4 d5 3. exd5 exd5 4. Nf3 Nf6 5. Bg5 Bd6 6. Qe2+ Be6 7. Qb5+ Nbd7 8. Bd3 Rb8 9. Qa4 a6 10. c3 0-0 11. Nbd2 h6 12. Bh4 Re8 13. 0-0 c6 14. Qc2 Qc7 15. Bxf6 Nxf6 16. Rfe1 Bd7 17. h3 Nh5 18. Rxe8+ Rxe8 19. Re1 Rxe1+ 20. Nxe1 Nf4 21. Bf5 Bxf5 22. Qxf5 Qe7 23. Ndf3 g6 24. Qc2 Kg7 25. Kf1 Qe4 26. Qxe4 dxe4 27. Ng1 f5 28. Ne2 Nxe2 29. Kxe2 Kf6 30. f3 exf3+ 31. Kxf3 g5 32. Nd3 Ke6 33. c4 h5 34. g4 a5 35. b3 Bh2 36. Ne1 c5 37. d5+ Ke5 38. Nc2 fxg4+ 39. hxg4 hxg4+ 40. Kxg4 Bf4 41. Na3 Kd6 42. Kf3 Kd7 43. Ke4 Bd6 44. Kf5 Bf8 45. Nb5 Kd8 46. Nc3 Kd7 47. a4 Kc7 48. Ne4 Kd7 49. Nf6+ Kd6 50. Kxg5 Be7 51. Kf5 Bf8 52. Ne4+ Kd7 53. Kf6 Be7+ 54. Kf7 Kd8 1-0

[Event "SVK-chT3A2 1213"]
[Site "Slovakia"]
[Date "2013.03.24"]
[Round "11.5"]
[White "Zisek, Jaroslav"]
[Black "Klanica, Anton"]
[Result "0-1"]
[WhiteElo "1857"]
[BlackElo "1853"]
[PlyCount "140"]
[EventDate "2012.10.07"]
[EventType "team-tourn"]
[EventRounds "11"]
[EventCountry "SVK"]
[SourceTitle "EXT 2015"]
[Source "ChessBase"]
[SourceDate "2014.11.20"]
[SourceVersion "1"]
[SourceVersionDate "2014.11.20"]
[SourceQuality "1"]
[WhiteTeam "Senica SK"]
[BlackTeam "Trnava Lokomotiva Solartec III"]
[WhiteTeamCountry "SVK"]
[BlackTeamCountry "SVK"]

1. c4 Nf6 2. Nc3 d6 3. g3 g6 4. Bg2 Bg7 5. e4 e5 6. Nge2 c5 7. d3 0-0 8. 0-0 Nc6 9. h3 Be6 10. f4 Qc8 11. Kh2 Ne8 12. Nd5 Bxd5 13. exd5 Ne7 14. Nc3 f6 15. Be3 Bh6 16. g4 Bxf4+ 17. Bxf4 exf4 18. Rxf4 f5 19. Qe2 Qd7 20. Re1 Rf7 21. Qf2 Ng7 22. Ne4 h6 23. Ng3 Raf8 24. Qe2 g5 25. Rf2 f4 26. Ne4 Ng6 27. Qd1 Nh4 28. Nd2 Re8 29. Rxe8+ Qxe8 30. Nf3 Nxf3+ 31. Bxf3 Re7 32. Re2 Rxe2+ 33. Qxe2 Qxe2+ 34. Bxe2 Kf7 35. Bf3 Kf6 36. Kg2 Ke5 37. Be4 Ne8 38. Kf3 Nc7 39. a4 Na6 40. Bf5 Kd4 41. Be4 Nb4 42. Ke2 Nc2 43. Kd2 Nb4 44. Ke2 b6 45. Bg6 Nc2 46. Bh7 Nb4 47. Bf5 f3+ 48. Kxf3 Nxd3 49. Bxd3 Kxd3 50. b3 Kc3 51. Ke4 Kxb3 52. Kf5 Kxc4 53. Ke6 Kb3 54. Kxd6 c4 55. Ke7 c3 56. d6 c2 57. d7 c1Q 58. d8Q Qc5+ 59. Kf7 a5 60. Qd7 Qc4+ 61. Kg6 Qxa4 62. Qd3+ Ka2 63. Kxh6 b5 64. Kxg5 b4 65. Qd2+ Kb1 66. h4 Qb5+ 67. Kf6 Qb6+ 68. Kg7 Qc7+ 69. Kg6 b3 70. h5 Qc2+ 0-1

[Event "SVK-chT3A2 1213"]
[Site "Slovakia"]
[Date "2012.11.04"]
[Round "3.4"]
[White "Klanica, Anton"]
[Black "Kalmar, Tamas"]
[Result "0-1"]
[WhiteElo "1853"]
[BlackElo "1920"]
[PlyCount "61"]
[EventDate "2012.10.07"]
[EventType "team-tourn"]
[EventRounds "11"]
[EventCountry "SVK"]
[SourceTitle "EXT 2015"]
[Source "ChessBase"]
[SourceDate "2014.11.20"]
[SourceVersion "1"]
[SourceVersionDate "2014.11.20"]
[SourceQuality "1"]
[WhiteTeam "Trnava Lokomotiva Solartec III"]
[BlackTeam "Potonska Veza"]
[WhiteTeamCountry "SVK"]
[BlackTeamCountry "SVK"]

1. e4 c6 2. d4 d5 3. exd5 cxd5 4. Nf3 Nf6 5. Bd3 Bg4 6. h3 Bxf3 7. Qxf3 e6 8. 0-0 Bd6 9. c3 Nbd7 10. Bb5 a6 11. Bxd7+ Qxd7 12. Re1 0-0 13. Bf4 Rfc8 14. Bxd6 Qxd6 15. Nd2 Rc7 16. Qe3 Rac8 17. Re2 b5 18. a3 a5 19. Qg3 Qxg3 20. fxg3 b4 21. axb4 axb4 22. cxb4 Rc2 23. Kf2 Rxb2 24. Rb1 Ne4+ 25. Rxe4 Rxd2+ 26. Re2 Rxd4 27. b5 Rdc4 28. b6 Rb8 29. Ra2 Rcc8 30. Ra7 g6 31. Ke3 0-1